| 000 | 00645nam a2200241 a 4500 | ||
|---|---|---|---|
| 001 | 0001-1240 | ||
| 003 | ELIB.Books | ||
| 008 | 150602 2010 eng | ||
| 020 | _a1883002311 | ||
| 035 | _a(ELIB.Books)0001-1395 | ||
| 092 |
_a264 _bKra |
||
| 100 | _aKraeuter, Tom | ||
| 245 |
_aThings They Didn't Teach Me: _bIn Worship Leading School |
||
| 260 |
_aTraining Resources, Inc. _bHillsboro _c1995 |
||
| 300 |
_a272 _c21.5 Cm |
||
| 500 | _aC/o Moe Tarmalar Paw | ||
| 650 | _aPublic Worship | ||
| 856 |
_nKBTS: Library _uKBTS: Elib |
||
| 942 |
_2ddc _cBK |
||
| 990 | _a2 | ||
| 998 |
_cbat _e2015-06-02 |
||
| 999 |
_c11240 _d11240 |
||